000 00476nam a2200145 a 4500
008 120416s1963 xx |||||||||||||| || u
050 _aHD 31 Hod
100 _aHodges, Henry Green
245 1 0 _aManaging the industrial concern
260 _c1963
350 _a0.00
650 0 _aMANAGEMENT
650 0 _aINDUSTRIAL MANAGEMENT
995 _D0.00
_FCBU-MAIN LIBRARY (Kitwe)
_H1
_I0.00
_M1
_UDAMAGED
_ZMain Library Open Access Collection
999 _c50227
_d50227